01016cam a22002895a 4500001001000000003000900010005001700019008004100036020002500077040005100102082002100153245005800174264006000232300004600292336002600338337002800364338002700392650002700419650002400446651001000470653003500480655001700515700002400532942001200556999001700568952014100585016462449EG-ScBUE20221027092232.0130724s2013 cc o f 000 0 eng d a9789886824368 (hbk.) aStDuBDSbengerdacStDuBDSdEG-ScBUEdEG-ScBUE04a720.483bINN22200aInnovative high-rise buildings /cedited by Jia Song. 1aHong Kong :bArtpower International Publishing,c[2013] a463 pages :bphotographs (color) ;c37 cm 2rdacontentatextbtxt 2rdamediaaunmediatedbn 2rdacarrieravolumebnc 7aTall buildings.2BUEsh 7aSkyscrapers.2BUEsh 2BUEsh bENGARCcJune2015cFebruary2016 vReading book1 aSong, Jia,eeditor. 2ddccBB c19978d19950 00102ddc40708AlahramaMAINbMAINc2NDd2015-06-28ePurchaseg375.00h320l0o720.483 INNp000039158r2025-07-15 00:00:00v468.75yNB